000 00634nam a2200241Ia 4500
005 20250425162740.0
008 250425s9999 xx 000 0 und d
020 _a0395421144
041 _aeng
082 _a338.7
100 _aWENSBERG, PETER C
245 0 _aLAND'S POLAROID: A COMPANY AND THE MAN WHO INVENTED IT
250 _aS.E.
260 _aBOSTON
260 _aEstados Unidos
_bHOUGHTOUN MIFFIN COMPANY
_c1987
300 _a258
500 _aDONADO POR GUILLERMO AROSEMENA
650 _aCORPORACION FINANCIERA
650 _aHISTORIA
710 _aHOUGHTON MIFFLIN COMPANY
942 _c01
010 _a104714
999 _c235659
_d235659